[Event "Copenhagen KS"]
[Site "Copenhagen"]
[Date "1996.??.??"]
[Round "2"]
[White "Hansen, Sune Berg"]
[Black "Schandorff, Lars"]
[Result "0-1"]
[WhiteElo "2490"]
[BlackElo "2495"]
[Annotator "Horvath,Ta"]
[PlyCount "114"]
[EventDate "1996.07.05"]
[EventType "tourn"]
[EventRounds "9"]
[EventCountry "DEN"]
[EventCategory "10"]
[SourceTitle "CBM 055"]
[Source "ChessBase"]
[SourceDate "1996.12.01"]
[SourceVersion "1"]
[SourceVersionDate "1996.12.01"]
[SourceQuality "1"]

1. e4 c5 2. Nf3 Nc6 3. d4 cxd4 4. Nxd4 Nf6 5. Nc3 e5 6. Ndb5 d6 7. Bg5 a6 8.
Na3 b5 9. Bxf6 gxf6 10. Nd5 f5 11. Bd3 Be6 12. O-O Bxd5 13. exd5 Ne7 14. c3 {
Die anderen Fortsetsungen sind gefahrlosen:} (14. c4 Bg7 15. Qd2 e4 (15... bxc4
16. Nxc4 O-O 17. f4 $2 e4 18. Be2 Rb8 19. Rab1 Rb5 $1 $15 {
Stefansson-Krasenkov/Gausdal/1991}) 16. Be2 bxc4 17. Nxc4 O-O 18. Rad1 Rb8 19.
Qf4 Rb5 $1 {Novik-Kramnik/UdSSR/1990}) (14. Nxb5 $6 Bg7 15. Nc3 e4 16. Bc4 Ng6
17. Qh5 Bxc3 18. bxc3 Qf6 19. f4 O-O 20. Bb3 Rfc8 $1 $15 {Nunn-Polgar,Zs/
Munchen/1991}) 14... Bg7 (14... Qc8 $2 15. c4 $1 $16 {Nijboer-Rindeman/CBM/48/
99}) 15. Qh5 (15. Nc2 $6 O-O 16. Nb4 (16. a4 bxa4 17. Rxa4 a5 18. Qh5 e4 19.
Be2 Qd7 20. Rfa1 Nxd5 21. g3 Rae8 $13 {Nepali-Mallahi/Calcutta/1996}) 16... e4
17. Bc2 a5 18. Nc6 Nxc6 19. dxc6 d5 $15 {Renet-Shirov/Reykjavik/1992}) 15...
Qd7 (15... e4 16. Bc2 (16. Be2 $6 Qd7 17. Rad1 Ng6 18. g3 O-O 19. Nc2 Rae8 20.
Ne3 Re5 $13 {Anand-Kramnik/Munchen/1994/blitz/}) 16... Qc8 (16... O-O 17. Rae1
Rc8 $6 (17... Qc8 $142) 18. Bb3 $1 Rc5 19. Nc2 Qd7 20. f3 a5 21. a3 exf3 22.
Qxf3 Be5 23. g3 $16 {Kovalev-Palac/Neu Isenburg/1992}) (16... Qa5 $6 17. Rae1
Ra7 18. Kh1 Bxc3 19. bxc3 Qxa3 20. Bb3 Qb2 21. f3 $1 Rg8 22. g3 $16 {Polgar,
Zs-Kramnik/Guarapuava/1991}) 17. Rad1 $5 (17. Rae1 O-O 18. Kh1 Ng6 {Noch der
besste,die anderen Züge bringen Schwarz in den Nachteil:} (18... b4 $6 19. cxb4
Bxb2 20. Re3 $1 f6 21. g4 $1 Bxa3 22. gxf5 Rf7 23. Rg1+ Rg7 24. Rxg7+ Kxg7 {
Cheskovsky-Krasenkov/Voskresensk/1992} 25. Rg3+ $1 Kh8 26. Qf7 Qf8 27. Qxf8+
Rxf8 28. Rxa3 Nxd5 29. Bxe4 Nxb4 30. Ra4 d5 31. Bf3 Rb8 32. a3 $16) (18... Qc5
19. f3 Rae8 20. fxe4 fxe4 21. Rxe4 Ng6 22. Qf5 Rxe4 23. Qxe4 Bxc3 24. h4 h5 25.
Qf3 {1:0 Thipsay-Jukic/Linares/1996}) (18... Nxd5 $2 19. Bxe4 $18) 19. Bb1 Re8
(19... Be5 $6 20. f4 Nxf4 (20... Bxf4 21. Nc2 $1 $16) 21. Qg5+ Ng6 {
Kovalev-Krasenkov/Alborg/1995} 22. Rxf5 b4 23. cxb4 Bxb2 24. Nc2 Re8 25. h4 $16
) 20. f4 exf3 21. Qxf3 Rxe1 22. Rxe1 f4 {Almasi,Z-Krasenkov/Malmo/1994} 23.
Bxg6 hxg6 24. Qxf4 Be5 $44) 17... O-O (17... b4 $2 18. cxb4 Bxb2 19. Ba4+ Kf8
20. Nc2 $16) 18. Bb1 Ng6 19. Kh1 $1 Re8 20. f4 Qc5 $6 (20... exf3 $142) 21. Nc2
$16 {Almasi,Z-Markowski/Bern/1996}) 16. Rad1 (16. Rae1 Rc8 17. Bb1 Rc5 18. Nc2
Qb7 19. Ne3 f4 20. Nf5 Nxf5 21. Qxf5 Qxd5 22. Qxf4 $14 {Almasi,I-Gladysev/
Zalakaros/1995}) 16... Rc8 17. Nc2 O-O 18. f4 $2 (18. g3 e4 19. Be2 Rc5 20. Ne3
f4 21. gxf4 f5 $13 {Renet-Horvath,T/Paris/1993}) (18. f3 $1 Rc5 $2 (18... Nxd5
19. Bxf5 Qa7+ 20. Kh1 Nf6 21. Qh4 Qc5 (21... d5 $2 22. Rxd5) 22. g4 h6 23. g5
hxg5 24. Qxg5 $16) 19. Ne3 Qa7 20. Kh1 $16) 18... e4 19. Be2 Rc5 20. Ne3 Qa7
21. Kh1 Rxc3 $1 22. bxc3 Qxe3 23. c4 b4 $17 {Bis her wie Cheskovsky-Mahutdinov/
Jugoslavia/1992} 24. Rb1 a5 25. Bd1 Rc8 26. Bb3 Qa7 27. Qd1 Kh8 28. Rc1 Bc3 29.
a4 Qd4 30. Qe2 Qg7 31. g4 Qxg4 32. Qe3 Qg7 33. Rcd1 Ng6 34. Rg1 Qf6 35. Rg5 h6
36. Rg3 Kh7 37. Qa7 Nxf4 38. Rf1 Ng6 39. Qd7 Ne7 40. Rfg1 Rg8 41. c5 Be5 42.
Rg7+ $2 {Der Rest ist wahrscheinlich fals notiert,auch dieser Zug ist
unverständlich.} Kh8 43. c6 Bxh2 44. Kxh2 Qh4+ 45. Kg2 Kxg7 46. Qxd6 Kh7+ 47.
Kf1 Qh3+ 48. Ke1 Qe3+ 49. Kf1 Qf3+ 50. Ke1 Qe3+ 51. Kf1 Qc1+ 52. Ke2 Qxg1 53.
Qxe7 Qg2+ 54. Ke1 Qg3+ 55. Kd2 Qc3+ 56. Ke2 Qd3+ 57. Kf2 Qd2+ 0-1

[Event "Walsall op"]
[Site "Walsall"]
[Date "1992.??.??"]
[Round "2"]
[White "Mannion, Stephen R"]
[Black "Nunn, John DM"]
[Result "1/2-1/2"]
[WhiteElo "2390"]
[BlackElo "2595"]
[Annotator "Horvath,Ta"]
[PlyCount "103"]
[EventDate "1992.??.??"]
[EventType "swiss"]
[EventRounds "7"]
[EventCountry "ENG"]
[SourceTitle "CBM 032"]
[Source "ChessBase"]
[SourceDate "1993.02.01"]
[SourceVersion "1"]
[SourceVersionDate "1993.02.01"]
[SourceQuality "1"]

1. e4 c5 2. Nf3 Nc6 3. d4 cxd4 4. Nxd4 Nf6 5. Nc3 e5 6. Ndb5 d6 7. Bg5 a6 8.
Na3 b5 9. Bxf6 gxf6 10. Nd5 Bg7 11. Bd3 Ne7 12. Nxe7 Qxe7 13. O-O O-O 14. c4 f5
15. Qh5 (15. Qf3 d5 (15... bxc4 16. Nxc4 d5 17. exd5 e4 18. Qe3 Bb7 19. Rad1
Bxd5 20. Nb6 Be6 21. Nxa8 exd3 22. Nb6 Qb4 23. Rxd3 f4 24. Rb3 Qxb3 25. Qxb3
Bxb3 26. axb3 Rb8 $15 {Egger-Nunn,J Manila (op.) 1992}) 16. cxd5 fxe4 17. Bxe4
Qd6 18. g4 Bh6 19. Nc2 Kh8 20. Ne3 Bxe3 21. fxe3 Bxg4 22. Qf6+ Qxf6 23. Rxf6
Kg7 24. Raf1 {(1/2:1/2) in 56. Züge Holmsten,A-Rotstein,A Helsinki open (05)})
15... Rb8 (15... Qb7 16. Rfe1 (16. cxb5 $5 fxe4 17. bxa6 Qd5 (17... Rxa6 $5 18.
Bxa6 Qxa6 {/\Be6 ; d5~/=}) 18. Bc4 Qd2 19. Rab1 Bxa6 20. Rfd1 Qb4 21. Bxa6 Rxa6
22. Nc2 {/\Ne3 ; Nf5+/-}) 16... d5 $1 17. exd5 e4 18. Bf1 Bxb2 19. Rab1 Bg7 20.
Nc2 Qd7 21. g3 bxc4 22. Ne3 f4 $1 23. gxf4 c3 24. f5 Qd6 25. Bg2 Re8 26. Kh1
Rb8 27. Rxb8 Qxb8 28. Rg1 Qf4 29. d6 Qxf2 30. Bxe4 Rxe4 31. Qg5 Qf3+ 32. Rg2
Qd1+ $1 {(1/2:1/2) Beljawski-Spasov E. Mannschaftmeistershaft Debrecen 1992})
16. exf5 e4 17. Rae1 Bb7 18. Qg4 {[#]} (18. f3 d5 19. fxe4 dxe4 (19... dxc4 $1
20. Bb1 (20. e5 Qc5+ 21. Kh1 cxd3 22. f6 Bxf6 23. Rxf6 d2 24. Rd1 Rbe8 $17)
20... Qe5 $1 21. Rf3 Rfd8 22. Rh3 h6 23. Rg3 Rd2 $1 24. Qxh6 Rbd8 {/\Qxg3 ;
Rd1-/+ Adorjan, T.Horvath Black is OK Books 1992}) 20. Kh1 Bxb2 {
Soloschenkin-Adrianow UdSSR 1989 21. Nc2! Kh8 22.cxb5 axb5 23. Re3 f6 24. Qh4+/
- Soloschenkin}) 18... Rfe8 19. f3 h5 20. Qg3 (20. Qxh5 Bd4+ 21. Kh1 exf3 22.
gxf3 Qxe1 $13 {Howell-Ivanow Le Touguel 1990}) 20... Qe5 $1 21. fxe4 Qxg3 22.
hxg3 Bxb2 23. Nc2 (23. Nb1 bxc4 24. Bxc4 Bxe4 25. Bxa6 Bd4+ 26. Kh2 Rb2 27. Bc4
$2 Re5 28. Rc1 Bxg2 $1 29. Rfd1 Be3 {Kuif,R-Kouatly/Rotterdam/1991/0-1/}) 23...
bxc4 24. Bxc4 Bxe4 25. Re2 Rbc8 $15 26. Bb3 Re5 27. Rd1 Bxf5 28. Rf2 Bxc2 29.
Rxc2 Rxc2 30. Bxc2 d5 31. Bb3 d4 32. Bc4 a5 33. Rf1 Re7 34. Rf5 a4 35. Kf2 Rc7
36. Bd3 Kg7 37. Rxh5 Rc3 38. Ke2 Ra3 39. Rf5 f6 40. Rb5 Ba1 41. Rb7+ Kf8 42.
Ra7 Rxa2+ 43. Kf3 a3 44. Bc4 Rc2 45. Rxa3 Rxc4 46. Rxa1 Kf7 47. Ke4 Kg6 48. Rd1
f5+ 49. Kf4 Kf6 50. Rd3 Ke6 51. g4 fxg4 52. Ke4 1/2-1/2

[Event "RUS-ch"]
[Site "Elista"]
[Date "1995.??.??"]
[Round "3"]
[White "Aseev, Konstantin N"]
[Black "Krasenkow, Michal"]
[Result "0-1"]
[WhiteElo "2530"]
[BlackElo "2590"]
[Annotator "Horvath,Ta"]
[PlyCount "108"]
[EventDate "1995.10.??"]
[EventType "swiss"]
[EventRounds "11"]
[EventCountry "RUS"]
[SourceTitle "CBM 050"]
[Source "ChessBase"]
[SourceDate "1996.02.01"]
[SourceVersion "1"]
[SourceVersionDate "1996.02.01"]
[SourceQuality "1"]

1. e4 c5 2. Nf3 Nc6 3. d4 cxd4 4. Nxd4 Nf6 5. Nc3 e5 6. Ndb5 d6 7. Bg5 a6 8.
Na3 b5 9. Nd5 Be7 10. Bxf6 Bxf6 11. c3 Bg5 12. Nc2 Rb8 13. Bd3 O-O 14. O-O Be6
15. Nce3 Bxe3 16. Nxe3 Qb6 (16... Ne7 $10 {/\d5}) 17. Bc2 b4 $1 18. Bb3 bxc3
19. bxc3 Qc5 20. Rb1 Rb5 21. Qd3 Na5 22. Bxe6 (22. Bd5 $5) 22... fxe6 23. Rfd1
Rxb1 24. Rxb1 Qc6 $10 25. Rb4 Rc8 26. g3 h6 27. Qd1 Nb7 28. Qb1 Nc5 29. f3 Qc7
30. Kg2 Kh7 31. c4 $6 Qa5 32. Rb2 Rc7 33. Qc2 Nb7 34. Qd2 Qc5 35. Rb3 Na5 36.
Rd3 Rd7 37. Qc3 Nc6 38. Qa3 Nb4 39. Rd2 a5 40. Rd1 Rb7 41. Rd2 Nc6 42. Qd3 Kg8
43. f4 $2 exf4 44. gxf4 Rf7 45. f5 Qe5 46. Rf2 Nb4 47. Qb1 Qd4 48. fxe6 Rxf2+
49. Kxf2 Qd2+ 50. Kf3 Nd3 51. Qg1 (51. e7 Qf2+ 52. Kg4 Ne5+ 53. Kh3 Qf3+ 54.
Kh4 g5#) 51... Ne5+ 52. Kg3 Qd3 53. Kf4 (53. e7 Kf7 54. Qf2+ Kxe7 $19) (53. Qf2
Nxc4 $2 (53... Qxe4 54. e7 Ng6 $17) 54. e7 Qxe4 55. Qf8+ Kh7 56. e8=Q $18)
53... Qe2 54. Qg3 Nd3+ 0-1

[Event "Interzonal-16"]
[Site "Biel"]
[Date "1993.??.??"]
[Round "8"]
[White "Gurevich, Ilya"]
[Black "Illescas Cordoba, Miguel"]
[Result "0-1"]
[WhiteElo "2575"]
[BlackElo "2625"]
[Annotator "Horvath,Ta"]
[PlyCount "72"]
[EventDate "1993.07.16"]
[EventType "swiss"]
[EventRounds "13"]
[EventCountry "SUI"]
[SourceTitle "CBM 037"]
[Source "ChessBase"]
[SourceDate "1993.12.01"]
[SourceVersion "1"]
[SourceVersionDate "1993.12.01"]
[SourceQuality "1"]

1. e4 {Ftacnik} c5 2. Nf3 Nc6 3. d4 cxd4 4. Nxd4 Nf6 5. Nc3 e5 6. Ndb5 d6 7.
Bg5 a6 8. Na3 b5 9. Bxf6 gxf6 10. Nd5 Bg7 (10... f5 11. Bd3 Be6 12. O-O Bxd5
13. exd5 Ne7 14. c3 Bg7 15. Qh5 (15. Nc2 O-O 16. Nb4 e4 17. Bc2 a5 18. Nc6 Nxc6
19. dxc6 d5 $15 {Renet-Schirov/Reykjavik/1992}) 15... Qd7 16. Rad1 Rc8 17. Nc2
O-O $1 (17... Rc5 18. Ne3 e4 19. Bb1 {Dolmatov-Tschehov/Deutschland/1992}) 18.
g3 (18. Ne3 $6 e4 19. Bb1 f4 20. Ng4 f5 21. Nh6+ Bxh6 22. Qxh6 Ng6 $15) 18...
e4 19. Be2 Rc5 20. Ne3 f4 $1 21. gxf4 f5 22. f3 Qa7 $1 23. Kh1 (23. fxe4 Rc4
24. Bxc4 Qxe3+ 25. Rf2 bxc4 $17) 23... Rc7 24. Nc2 e3 25. Rd3 $2 (25. Bd3 Nxd5
26. Qg5 $13 (26. Bxf5 $2 Nf6 {/\ e2-+})) 25... Ng6 26. Rxe3 Re7 $1 27. Re6 (27.
Rxe7 Qxe7 28. Rf2 Nxf4 $19) 27... Nxf4 $19 {Renet-Horvath,T/Paris/1993}) 11.
Bd3 Ne7 12. Nxe7 Qxe7 13. O-O O-O 14. c4 f5 15. Qf3 (15. Qh5 Rb8 16. exf5 e4
17. Rae1 Bb7 18. Qg4 Kh8 $1 (18... Rfe8 19. f3 h5 $13) 19. Bxe4 Rfe8 {
Dvoiris-Nikcevic/Paris/1993} 20. f3 $5 Bxb2 21. Nc2 Bc3 $44) 15... bxc4 16.
Nxc4 d5 17. exd5 e4 18. Qe3 (18. Qe2 {Ftacnik} Qc5 (18... Bb7 19. d6 (19. Bc2
Bxd5 20. Nb6 Rad8 21. Nxd5 Rxd5 22. Rad1 Rb5 $1 $15 {Vlad,D-Gagarin,V/Turnu
Severin/1992/}) 19... Qe6 20. Bc2 f4 21. Bb3 f3 22. Qd2 a5 23. Ne3 Qh6 24. Rfd1
$13 {Ernst,T-Kharlov,A/Haninge (07)/1992/}) (18... Rb8 19. Bc2 Qc5 20. Rad1 Rd8
21. Bb3 Rb4 22. Rc1 Qb5 23. Qh5 Qd7 24. d6 $14 {Vlad,D-Ezsoel,M/WchJ-Mamaia/
1991/}) 19. Bc2 a5 (19... Bd7 20. Rad1 Rad8 21. b3 Rfe8 22. Qe3 Qf8 23. a4 $13
{Petrov,M-Pantev,V/BLG-ch/1991/}) 20. Rad1 Ba6 21. b3 Rad8 22. Qh5 Bxc4 23.
bxc4 Qxc4 24. Bb3 $10 {Pieri-Chevallier/Paris ch (4)/1992/}) 18... Bb7 19. d6 (
19. Rad1 Bxd5 20. Nb6 Be6 21. Nxa8 exd3 $15 {Egger-Nunn/Manila/ol./1992} (21...
exd3 {Ftacnik} 22. Nb6 Qb4 23. Rxd3 f4 24. Rb3 $10 {Egger,J-Nunn,J/Manila olm/
1992/})) 19... Qf6 (19... Qe6 {Ftacnik} 20. Be2 Rac8 21. Qa7 Bd5 22. Nb6 Rc2
23. Nxd5 Qxd5 24. Rfd1 Qe6 25. d7 Rd8 26. Qxa6 $16) 20. Bc2 f4 (20... Rac8 {
Ftacnik} 21. Qe2 Qd4 (21... f4 22. Bxe4 Rce8 23. f3 Qd4+ 24. Rf2 f5 25. Rd1)
22. Bb3 $13) 21. Qh3 Rac8 22. b3 Qg5 (22... Qxa1 $2 {Ftacnik} 23. Rxa1 Bxa1 24.
Qf5 $16) 23. Rad1 f5 24. b4 (24. d7 Rcd8 25. Na5 Ba8 26. b4 Rf6 $17) 24... Kh8
(24... Rxc4 $2 {Ftacnik} 25. Bb3 $16) 25. Bb3 Bc6 26. d7 Rcd8 27. Rd6 (27. Nb6
{Ftacnik} Qe7 (27... e3 28. Rd6 Bb5 29. Bc4 Qe7 30. Nc8 exf2+ 31. Rxf2 Qe1+ 32.
Rf1 Qxb4 $14) 28. Nd5 Bxd5 29. Rxd5 Rxd7 30. Rxf5 Rxf5 31. Qxf5 e3 $13) 27...
Bxd7 28. Rfd1 Qe7 (28... Bb5 {Ftacnik} 29. Rxd8 Rxd8 30. Nd6 $1 Be8 31. Qxf5
$14) 29. Nb6 Be6 (29... Bb5 {Ftacnik} 30. Rxd8 Rxd8 31. Rxd8+ Qxd8 32. Qxf5 $1
e3 33. fxe3 fxe3 34. Bc2 Qg8 35. Nd5 $13) 30. Rxd8 (30. Rxe6 $2 {Ftacnik} Rxd1+
31. Bxd1 Qxe6 $19) 30... Rxd8 31. Nd5 Bxd5 32. Bxd5 (32. Rxd5 {Ftacnik} Rxd5
33. Bxd5 Qxb4 (33... e3 34. Qxf5 e2 35. Qc8+ Qf8 36. Qe6 Qd8 37. Qxe2 Qxd5 38.
Qxa6 Qd1+ 39. Qf1 Qd2 $17) 34. g3 f3 $17) 32... e3 33. fxe3 (33. Qxf5 {Ftacnik}
e2 34. Re1 Bc3 $19) 33... fxe3 34. Qf3 (34. Qxf5 {Ftacnik} e2 35. Re1 Bc3 $19)
34... e2 35. Re1 Qxb4 36. Rxe2 Bd4+ (36... Qd4+ {Ftacnik} 37. Kf1 Qd1+ 38. Re1
Qxd5 39. Re8+ $1) (36... Bd4+ {Ftacnik} 37. Kf1 Qb1+ 38. Re1 Qb5+ 39. Re2 Rxd5
$19) 0-1

[Event "DEN-ch"]
[Site "Denmark"]
[Date "1996.??.??"]
[Round "2"]
[White "Borge, Nikolaj"]
[Black "Schandorff, Lars"]
[Result "0-1"]
[WhiteElo "2455"]
[BlackElo "2485"]
[Annotator "Horvath,Ta"]
[PlyCount "84"]
[EventDate "1996.??.??"]
[EventType "tourn"]
[EventRounds "9"]
[EventCountry "DEN"]
[EventCategory "9"]
[SourceTitle "CBM 053"]
[Source "ChessBase"]
[SourceDate "1996.08.01"]
[SourceVersion "1"]
[SourceVersionDate "1996.08.01"]
[SourceQuality "1"]

1. e4 {Petursson} c5 2. Nc3 Nc6 3. Nge2 Nf6 4. d4 cxd4 5. Nxd4 e5 6. Ndb5 d6 7.
Bg5 a6 8. Na3 b5 9. Bxf6 gxf6 10. Nd5 Bg7 11. Bd3 Ne7 12. Nxe7 Qxe7 13. c3 f5
14. O-O O-O 15. Nc2 Bb7 16. exf5 d5 (16... Qg5 17. Ne3 (17. f3 $6 d5 18. a4 e4
19. Be2 Be5 $44 {Leko-Magem Badals/Pamplona/1993/94}) 17... h5 18. Bc2 $1 d5
19. Nxd5 Rad8 20. Be4 Rxd5 (20... Bxd5 21. Bxd5 Qxf5 22. Qb3 $16 {AM.
Rodriguez-Rahal/Terrassa/1995}) 21. Bxd5 Rd8 22. Bxb7 $16) 17. Re1 Qg5 18. Re3
$6 {Auf der dritte Reiche der Anziehende kann nichts erreichen. Besser ist} (
18. g3 e4 19. Bf1 Qxf5 20. a4 $13 {Hansen,Sub-Schandorf/Den-ch./1996}) 18... e4
19. Bf1 Qxf5 20. a4 bxa4 21. Rxa4 Qe5 22. Qa1 Qd6 $1 23. Re1 Be5 24. h3 (24. g3
f5 25. Bg2 f4 26. Nd4 e3 $17) 24... Kh8 25. Qa3 Qf6 26. Ne3 Bd6 27. Qa2 Rg8 28.
Ra5 Qe5 29. Bxa6 Bc7 $1 30. Ra3 Bc6 31. Nf1 Rxg2+ $1 32. Kxg2 Rg8+ 33. Ng3 (33.
Kh1 {Petursson} e3 {Mate in six!}) 33... Rxg3+ 34. Kf1 (34. fxg3 Qxg3+ 35. Kf1
Qf3+ 36. Kg1 Bb6+ $19) 34... Rxh3 35. c4 (35. Ke2 {Petursson} Qf5 (35... e3 36.
Kd1 d4 37. Qxf7 $16) 36. Kd1 Qxf2 (36... Rh2 $17) 37. Rf1 Rh1 38. Rxh1 Qf3+ 39.
Kc2 Qxh1 $17) 35... Rh1+ 36. Ke2 Qh5+ 37. Kd2 Bf4+ 38. Rae3 d4 39. Qa3 dxe3+
40. Kc2 Kg7 41. Rxh1 Qxh1 42. fxe3 Qg2+ 0-1

[Event "Haifa"]
[Site "Haifa"]
[Date "1995.??.??"]
[Round "4"]
[White "Psakhis, Lev"]
[Black "Greenfeld, Alon"]
[Result "1/2-1/2"]
[WhiteElo "2625"]
[BlackElo "2580"]
[Annotator "Horvath,Ta"]
[PlyCount "64"]
[EventDate "1995.01.??"]
[EventType "tourn"]
[EventRounds "11"]
[EventCountry "ISR"]
[EventCategory "14"]
[SourceTitle "CBM 046"]
[Source "ChessBase"]
[SourceDate "1995.06.01"]
[SourceVersion "1"]
[SourceVersionDate "1995.06.01"]
[SourceQuality "1"]

1. e4 {Ernst} c5 2. Nf3 Nc6 3. d4 cxd4 4. Nxd4 Nf6 5. Nc3 e5 6. Ndb5 d6 7. Bg5
a6 8. Na3 b5 9. Bxf6 gxf6 10. Nd5 Bg7 11. Bd3 Ne7 12. Nxe7 Qxe7 13. c4 f5 14.
O-O O-O 15. Qf3 bxc4 (15... d5 $6) (15... Re8 $5) 16. Nxc4 d5 17. exd5 e4 18.
Qe3 Bb7 19. Rfd1 (19. d6 Qf6 (19... Qh4 $6 20. g3 Qh3 21. Be2 Bh6 22. Qb3 Rab8
23. Ne3 Kh8 24. d7 $16 {Liss-Kundin/Israel/ch./1994}) 20. Bc2 f4 21. Qh3 Rac8 (
21... Rad8 $5 22. Rad1 Qg5 $13) 22. Bb3 $1 {Gewinnt ein wichtige Tempo.
Gurevich spielte gegen Illescas} (22. b3 Qg5 23. Rad1 f5 24. b4 Kh8 25. Bb3 Bc6
$13) 22... Rc5 $6 (22... Kh8 $142 23. Rad1 Qg5 {/\f5}) 23. Rad1 Rg5 24. Rd2 Bd5
25. Nb6 Bxb3 26. Nd7 $16) (19. Rad1 {Ernst} Bxd5 20. Nb6 Be6 21. Nxa8 exd3 22.
Nb6 Qb4 23. Rxd3 f4 24. Rb3 Qxb3 25. Qxb3 Bxb3 26. axb3 Rb8 $10 {Egger,J-Nunn,
J/Manila/1992}) 19... Bxd5 20. Nb6 Rad8 21. Nxd5 Rxd5 22. Bxa6 Rxd1+ 23. Rxd1
Qe6 $10 (23... Bxb2 $14 {Ernst}) 24. Bf1 Qxa2 25. b4 Qa4 26. Rd5 (26. Rb1 Qc2
27. Qb3 Qxb3 28. Rxb3 Bd4 $10) 26... Qxb4 27. Rxf5 Qd4 28. Qf4 Re8 29. Qc7 (29.
Rxf7 $142 {Ernst} e3 $14) 29... Bf6 30. Qc6 Re6 31. Qc8+ Kg7 32. Rf4 Be5
1/2-1/2

[Event "RUS-Cup3"]
[Site "Omsk"]
[Date "1996.??.??"]
[Round "1"]
[White "Loskutov, Oleg"]
[Black "Filippov, Valerij"]
[Result "1-0"]
[WhiteElo "2395"]
[BlackElo "2565"]
[Annotator "Horvath,Ta"]
[PlyCount "87"]
[EventDate "1996.12.13"]
[EventType "swiss"]
[EventRounds "9"]
[EventCountry "RUS"]
[SourceTitle "CBM 057"]
[Source "ChessBase"]
[SourceDate "1997.04.01"]
[SourceVersion "1"]
[SourceVersionDate "1997.04.01"]
[SourceQuality "1"]

1. e4 {Notkin} c5 2. Nf3 e6 3. d4 cxd4 4. Nxd4 Nf6 5. Nc3 Nc6 6. Ndb5 d6 7. Bf4
e5 8. Bg5 a6 9. Na3 b5 10. Nd5 Be7 11. Bxf6 Bxf6 12. c3 O-O 13. Nc2 Bg5 14. a4
bxa4 15. Nce3 (15. Rxa4 a5 16. Bc4 Rb8 17. b3 (17. Ra2 Kh8 18. O-O g6 19. Qe2
Bh6 20. Rd1 f5 21. exf5 gxf5 22. Qh5 Bg7 23. Nce3 $13 {Kudrin,S-Belikov,V/
Moscow/1995/0-1/36/}) 17... Kh8 18. O-O g6 19. Qe2 Bd7 20. Rfa1 Bh6 21. g3 f5
22. exf5 $6 (22. b4 $13 {Kramnik/}) 22... gxf5 23. b4 e4 $1 24. bxa5 $2 (24.
Rxa5 $1 Nxa5 25. Rxa5 $13 {Kramnik/}) 24... Ne5 25. Rb4 Rxb4 26. cxb4 f4 $1 $17
{Lutz,Ch-Kramnik,V/GER/1995/0-1/35/}) 15... Rb8 (15... a5) (15... Bb7 $5 16.
Rxa4 Bxe3 17. Nxe3 Ne7 $10) 16. Qxa4 Ne7 (16... Bd7 17. Qa3) 17. Nxe7+ Qxe7 18.
Nd5 Qa7 19. Qc2 (19. b4 f5 {><f2/}) 19... Bd8 $2 (19... f5 20. Bc4 Kh8 21. exf5
Bxf5 22. Qe2 Bg4 23. Qc2 (23. f3 $2 Bh4+ 24. Kd1 $8 (24. Kf1 $2 Rxf3+ $1 25.
gxf3 Bh3+ 26. Qg2 Qf2#) 24... Bc8 $17) 23... Bf5 $10) 20. b4 $14 a5 21. Bc4 Kh8
$6 (21... Ba6 22. Qe2 $16) (21... Ra8 $142) 22. O-O Ra8 (22... f5 23. Ra2 fxe4
24. Qxe4 a4 $14) 23. Ne3 (23. Ra2 Bd7 24. Rfa1 (24. bxa5 Qc5) 24... a4 25. Qe2
$16) 23... Qd7 (23... Qb8 24. Bd5 Bb7 (24... Ra7 25. Rfb1 (25. Nc4 axb4 26.
Rxa7 Qxa7 27. Nxd6 Qc7 $10) 25... axb4 26. Rxa7 Qxa7 27. cxb4 $16) 25. Bxb7
Qxb7 26. Rfb1 (26. Nc4 d5 $1) 26... axb4 27. Rxa8 Qxa8 28. cxb4 $16) 24. Ra2
Bb7 25. Bd5 $16 Bg5 26. Nc4 Bxd5 (26... axb4 27. Rxa8 Bxa8 28. Nb6) 27. exd5
Bd8 (27... Qb5 28. Nxd6 Qxd5 29. Rd1 Qc6 30. Rxa5 $16) 28. Qa4 (28. bxa5 Qb5
29. Nxd6 Qxd5 30. Rd1 Qc6 31. Qb3 $16) (28. Nxa5 Bxa5 29. bxa5 Qb5 30. c4 Qc5
31. a6 Rfc8 32. Rc1 $16) 28... Qc7 29. bxa5 Qc5 30. Qc6 Qxc6 31. dxc6 Bc7 (
31... d5 32. Nxe5 (32. Nb6 Bxb6 33. axb6 Rxa2 34. b7 Raa8 $1 (34... Rb2 $2 35.
Ra1 Rb6 36. g3 $18) 35. Rb1 g6 36. c7 Rab8 37. cxb8=Q Rxb8 $10) 32... Rxa5 (
32... Bxa5 $2 33. Rfa1) 33. Rxa5 Bxa5 34. Rb1 Bc7 (34... Bxc3 35. Nd7 Rc8 36.
Rb8 Rxb8 37. Nxb8 Ba5 38. Na6 $18) 35. Nd3 $16) (31... Ra6 32. Nxd6 Rxc6 33. a6
(33. Rd1 $5) 33... Bb6 34. Nb5 $16) 32. Rb1 Ra6 33. Nb6 $18 Rb8 34. Rb5 g6 (
34... Bxb6 35. Rxb6 Rbxb6 36. axb6 Rxa2 37. g3) 35. g3 Kg7 (35... Bxb6 36. Rxb6
Rbxb6 37. axb6 Rxb6 38. Ra8+ Kg7 39. c7) 36. Rab2 Rd8 (36... f5 37. Nd5) 37. c4
Kf8 38. Ra2 Ke8 (38... Bxb6 39. axb6 Rxa2 40. c7) 39. Nd5 $1 Rxc6 (39... Rc8
40. Nb4 {/\a6/}) 40. a6 Ra8 41. a7 Kd7 (41... Kd8 42. Rb7 Rxc4 43. Rab2) 42.
Rb7 Kd8 43. Rab2 Rc8 44. Rb8 1-0

[Event "RUS-Cup10"]
[Site "Tomsk"]
[Date "1997.07.22"]
[Round "2"]
[White "Ibragimov, Alibek"]
[Black "Filippov, Valerij"]
[Result "1/2-1/2"]
[WhiteElo "2430"]
[BlackElo "2535"]
[Annotator "Horvath,Ta"]
[PlyCount "75"]
[EventDate "1997.07.21"]
[EventType "swiss"]
[EventRounds "9"]
[EventCountry "RUS"]
[SourceTitle "EXT 2000"]
[Source "ChessBase"]
[SourceDate "1999.11.16"]
[SourceVersion "1"]
[SourceVersionDate "1999.11.16"]
[SourceQuality "1"]

1. e4 c5 2. Nf3 e6 3. d4 cxd4 4. Nxd4 Nf6 5. Nc3 Nc6 6. Ndb5 d6 7. Bf4 e5 8.
Bg5 a6 9. Na3 b5 10. Nd5 Be7 11. Bxf6 Bxf6 12. c3 O-O 13. Nc2 Bg5 14. a4 bxa4
15. Rxa4 a5 16. Bc4 Rb8 17. b3 Kh8 18. O-O f5 19. exf5 Bxf5 20. Nce3 Bg6 {
Nur selten gespielt,besser ist aber als seine Ruf!} 21. Qe2 (21. Be2 e4 (21...
Bf7 22. Bf3 Bxe3 23. fxe3 Ne7 $10) 22. b4 axb4 23. cxb4 Rb7 $2 (23... Ne5 $13)
24. b5 Ne5 25. Qd4 Qd7 26. b6 h6 27. Ra2 Qe6 28. Rc2 Nd3 29. Rc7 Rf7 30. h3 Nf4
31. Nxf4 Bxf4 32. Bc4 d5 33. Bxd5 Qxb6 34. Qxb6 Rxb6 35. Rxf7 {1-0 Huebner,
R-Adorjan,A/Bad Lauterberg cqf 1980/CAND}) (21. Bd3 $5) 21... e4 22. Rfa1 (22.
Qa2 Rb7 23. b4 axb4 24. cxb4 Ne5 25. Ra7 Rxa7 26. Qxa7 Bh5 27. Ra1 Bxe3 28.
Nxe3 Qf6 29. Nd5 Qh4 30. Bf1 Ng4 31. h3 Nxf2 32. Qe3 h6 33. b5 Nd1 34. Qd4 Qg3
35. Rxd1 Bxd1 36. b6 Qe1 37. Ne3 Be2 38. b7 Bxf1 39. Nf5 Bxg2+ 40. Kxg2 Qe2+
41. Kg1 Rxf5 42. b8=Q+ Kh7 {0-1 Kozirev,A-Filippov,V/RUS-Cup3 1996/CBM 57/
[Horvath,T]}) 22... Qc8 $1 {Das Feld "d8" macht frei für den Laufer.} 23. Qg4 {
Weiß spielt sehr vorsichtig!} Qxg4 24. Nxg4 Bd8 25. b4 Be8 26. bxa5 (26. b5 h5
27. bxc6 hxg4 28. c7 Bxc7 29. Nxc7 Bxa4 30. Rxa4 Rb1+ 31. Bf1 e3 32. Ra2 a4 $1
$19) 26... Ne5 27. Nxe5 Bxa4 28. Rxa4 dxe5 29. a6 Rb1+ 30. Bf1 e3 31. Nxe3 Bb6
32. Rb4 Rxf1+ 33. Nxf1 Bxf2+ 34. Kh1 Be1 35. Ng3 (35. Ne3 $2 Bxc3 36. Rb7 Bd4
37. a7 Kg8 $19) 35... Bxc3 36. Rb7 e4 37. a7 Be5 38. Rb8 1/2-1/2